Integrazione europea ed integrazioni latino-americane e caraibiche modelli e rapporti

Bibliographic Details
Main Author: Pennetta, Piero
Format: eBook
Language:Italian
Published: Bari : Cacucci Editore, 2009
Subjects:
Online Access:http://www.vlex.com/source/6803

MARC

LEADER 00000nam a22000007a 4500
005 20130215094734.0
007 cr|||| ||||
008 130215e2009 it |||||s|||| 00| 0 ita d
020 |a 8884228441 
035 |a 6803 
040 |a vLex 
090 |c 3645  |d 3645 
100 1 0 |a Pennetta, Piero 
245 1 0 |a Integrazione europea ed integrazioni latino-americane e caraibiche  |b modelli e rapporti  |h [Recurso electrn̤ico]  
256 |a Servicio en ln̕ea 
260 |a Bari :  |b Cacucci Editore,   |c 2009  
300 |a 1 Recurso electrn̤ico 
650 0 4 |a Derecho comunitario 
650 0 4 |a Derecho internacional   |z Amřica 
740 |a vLex Libros (Servicio en ln̕ea) 
856 |a Acceso restringido  |u http://www.vlex.com/source/6803 
942 |c BOOK 
999 0 |a European Union